Loading...
| History - World | 0 | 9 | 0 | 1 | 90 | 18 | 64.56 | 3 | 5 | 0.00 | 0.00 |
| History - American | 0 | 9 | 1 | 0 | 85 | 21 | 61.11 | 3 | 9 | 0.00 | 0.00 |
| History - European | 0 | 6 | 0 | 0 | 60 | 25 | 47.67 | 1 | 4 | 0.00 | 0.00 |
| Current Events | 0 | 5 | 2 | 1 | 40 | 41 | 64.20 | 2 | 3 | 0.00 | 0.00 |
| Social Science | 0 | 4 | 0 | 1 | 40 | 36 | 81.50 | 2 | 3 | 0.00 | 0.00 |
| History - Other | 0 | 4 | 1 | 1 | 35 | 57 | 83.50 | 1 | 2 | 0.00 | 0.00 |
| Science - Chemistry | 0 | 4 | 1 | 3 | 35 | 73 | 91.00 | 0 | 0 | 0.00 | 0.00 |
| Fine Arts - Other | 0 | 3 | 0 | 0 | 30 | 74 | 93.67 | 2 | 2 | 0.00 | 0.00 |
| Geography | 0 | 2 | 0 | 1 | 20 | 95 | 98.00 | 0 | 0 | 0.00 | 0.00 |
| Literature - American | 0 | 2 | 0 | 0 | 20 | 63 | 85.00 | 1 | 1 | 0.00 | 0.00 |
| Literature - British | 0 | 2 | 0 | 0 | 20 | 69 | 70.00 | 0 | 1 | 0.00 | 0.00 |
| Science - Physics | 0 | 2 | 0 | 1 | 20 | 94 | 99.00 | 0 | 0 | 0.00 | 0.00 |
| Science - Biology | 0 | 2 | 1 | 0 | 15 | 46 | 55.50 | 0 | 0 | 0.00 | 0.00 |
| Popular Culture | 0 | 1 | 0 | 0 | 10 | 71 | 71.00 | 0 | 0 | 0.00 | 0.00 |
| Mythology | 0 | 1 | 0 | 0 | 10 | 57 | 57.00 | 1 | 1 | 0.00 | 0.00 |
| Literature - World | 0 | 1 | 0 | 0 | 10 | 89 | 89.00 | 0 | 0 | 0.00 | 0.00 |
| Philosophy | 0 | 1 | 1 | 1 | 5 | 106 | 106.00 | 0 | 0 | 0.00 | 0.00 |
| Religion | 0 | 0 | 1 | 0 | -5 | 0.00 | 0 | 0 | 0.00 | 0.00 |